00581pam a2200169 a 4500020001500000040000800015082002700023100002000050245007700070250001200147260005100159300004800210650001500258700002200273856006200295856005400357 a0801665582 cDLC00a540 WM. 1997 A025 Or. 1 aSevenair, John.10aIntroductory chemistry :binvestigating the molecular nature of matter / a1st ed. aDubuque, IA :bWm.C. Brown Publishers,cc1997. axxiii, 788 p. :bill. (some col.) ;c26 cm. 0aChemistry.1 aBurkett, Allan R.42uhttp://www.loc.gov/catdir/description/mh022/96038217.html41uhttp://www.loc.gov/catdir/toc/mh022/96038217.html